header

Retooling manufacturing (Record no. 28546)

MARC details
000 -LEADER
fixed length control field 01389nam a2200313Ia 4500
245 00 - TITLE STATEMENT
Title Retooling manufacturing
260 ## - PUBLICATION, DISTRIBUTION, ETC. (IMPRINT)
Place of publication Washington, DC :
Name of publisher National Academies Press,
Year of publication c2004.
300 ## - PHYSICAL DESCRIPTION
Number of Pages xii, 111 p. :
Other physical details ill.
650 #0 - SUBJECT ADDED ENTRY--TOPICAL TERM
Topical Term Manufacturing processes.
Topical Term Concurrent engineering.
Topical Term Systems engineering.
Topical Term Engineering design.
Topical Term Production engineering.
856 40 - ELECTRONIC LOCATION AND ACCESS
Uniform Resource Identifier http://site.ebrary.com/lib/rucke/Doc?id=10068503

No items available.

© 2026 Rongo University
Contact us: librarian | system librarian | Rongo university